书目信息 |
| 题名: |
身边禅
|
|
| 作者: | 闻章 著 | |
| 分册: | ||
| 出版信息: | 北京 中国发展出版社 2008.04 |
|
| 页数: | 258页 | |
| 开本: | 23cm | |
| 丛书名: | ||
| 单 册: | ||
| 中图分类: | B946.5 | |
| 科图分类: | ||
| 主题词: | 神宗--shen zong--通俗读物 | |
| 电子资源: | ||
| ISBN: | 978-7-80234-167-8 | |
| 000 | 00750nam0 2200229 450 | |
| 001 | 012009222792 | |
| 005 | 20090623085855.32 | |
| 010 | @a978-7-80234-167-8@dCNY28.00 | |
| 100 | @a20090623d2008 em y0chi0120 ea | |
| 101 | 0 | @achi |
| 102 | @aCN@b110000 | |
| 105 | @aa z 000yy | |
| 106 | @ar | |
| 200 | 1 | @a身边禅@Ashen bian chan@f闻章著@Fwen zhang zhu |
| 210 | @a北京@c中国发展出版社@d2008.04 | |
| 215 | @a258页@c图@d23cm | |
| 330 | @a本书分为一寸莲心、佛经绿豆、陌上花开、七彩花瓣和石上菩提五部分,内容包括佛欢喜时我欢喜、心地耕法、庄稼院里的禅、女娲的微笑、石头的禅机等。 | |
| 606 | 0 | @a神宗@Ashen zong@j通俗读物 |
| 690 | @aB946.5@v4 | |
| 701 | 0 | @a闻章@Awen zhang@4著 |
| 801 | 0 | @aCN@bQSSK@c20090623 |
| 905 | @b747821-23@dB946.5@eW682@f3 | |
| 身边禅/闻章著.-北京:中国发展出版社,2008.04 |
| 258页:图;23cm |
| ISBN 978-7-80234-167-8:CNY28.00 |
| 本书分为一寸莲心、佛经绿豆、陌上花开、七彩花瓣和石上菩提五部分,内容包括佛欢喜时我欢喜、心地耕法、庄稼院里的禅、女娲的微笑、石头的禅机等。 |
| ● |
| 相关链接 |
|
|
|
正题名:身边禅
索取号:B946.5/W682
 
预约/预借
| 序号 | 登录号 | 条形码 | 馆藏地/架位号 | 状态 | 备注 |
| 1 | 747821 | 207478219 | 自科二线400A/400A自科库 10排2列2层/ [索取号:B946.5/W682] | 在馆 | |
| 2 | 747822 | 207478228 | 自科二线400A/400A自科库 10排4列5层/ [索取号:B946.5/W682] | 在馆 | |
| 3 | 747823 | 207478237 | 自科二线400A/400A自科库 10排2列2层/ [索取号:B946.5/W682] | 在馆 |